Municipios con Mercadona (Islas Baleares/Illes Balears) - Estadísticas

Estadísticas generales
  • Esta prueba ha sido intentada 83 veces
  • La puntuación promedio es 13 de 19
Estadísticas de respuestas
Provincia Municipio Población % Correcto
Islas Baleares/Illes Balears Palma 434.786
100%
Manacor 49.153
98%
Ciutadella de Menorca 32.431
91%
Maó 30.666
91%
Inca 36.262
90%
Alcúdia 21.907
84%
Calvià 53.793
79%
Llucmajor 40.502
74%
Marratxí 40.422
66%
Santa Eulària des Riu 42.479
62%
Sant Antoni de Portmany 29.132
62%
Andratx 12.195
60%
Sa Pobla 14.990
53%
Campos 12.485
50%
Sant Josep de sa Talaia 29.761
45%
Capdepera 13.135
43%
Santanyí 13.067
40%
Sant Llorenç des Cardassar 9.231
38%
Santa Margalida 14.056
31%
No se encontraron pruebas coincidentes
Distribución de puntuación
Porcentaje de gente con cada puntuación
Porcentaje por número respondido
Historial de tus puntuaciones
No has intentado esta prueba.